Eslabones perdidos: en busca del hombre primigenio

Đã lưu trong:
Chi tiết về thư mục
Tác giả chính: Reader, John (Tác giả)
Định dạng: Sách
Ngôn ngữ:Tiếng Tây Ban Nha
Được phát hành: Ciudad de México Fondo Educativo Interamericano 1982
Những chủ đề:
Các nhãn: Thêm thẻ
Không có thẻ, Là người đầu tiên thẻ bản ghi này!

MARC

LEADER 00000nam a2200000 a 4500
001 UCP7517
003 CL-VaPUC
008 991217e19820000mx |||||||||||||||||spa|d
082 0 4 |a 573.3  |b REA  |2 21 
100 0 |a Reader, John  |e author  |9 436925 
245 1 0 |a Eslabones perdidos: en busca del hombre primigenio 
300 |a 273 p 
942 |c BK 
945 |d 19991217 00:00:00  |a rherrera 
260 |a Ciudad de México  |b Fondo Educativo Interamericano  |c 1982 
650 7 |a HOMBRE PREHISTORICO  |2 CL-VaPUC  |9 267914 
650 7 |a PRIMATES  |2 CL-VaPUC  |9 334898 
650 0 |a Antropología física  |9 308323 
650 7 |a FOSILES  |2 CL-VaPUC  |9 370434 
650 0 |a Evolución humana   |9 266935 
583 |a last modification  |c 20171011 11:53:17  |k Rodrigo Vera 
999 |c 284640  |d 284638 
952 |0 0  |1 0  |4 0  |6 573_300000000000000_REA_1982  |7 0  |8 A  |9 328798  |a BIBHIS  |b BIBHIS  |d 2019-11-20  |i 1378511  |o 573.3 REA 1982  |p 1378511  |r 2025-01-20  |w 2019-11-20  |y BK  |k HIS 
952 |0 0  |1 0  |4 0  |6 573_300000000000000_REA_1982  |7 0  |8 A  |9 328799  |a BIBHIS  |b BIBHIS  |d 2019-11-20  |i 137852K  |o 573.3 REA 1982  |p 137852K  |r 2025-01-20  |w 2019-11-20  |y BK  |k HIS